00552nam a22001697a 450000500170000001000150001702000260003203500130005803700130007108200150008410000170009924500700011626000400018627000730022630000330029950000500033220130607151239.0 aENG-107382 a9788178311869c650.00 aEN-90915 bDBAD/PUB a338.180951 aDeepak, B.R. aChina : cby B.R. Deepakbagriculture, countryside and peasants / aNew DelhibManak Publicationsc2010 aB-7,Saraswati Complex, Subhash Chowk, Laxmi NagarbNew Delhie110092 axviii,181p.:c23cm(Hb)bill. aIncludes bibliographical references and index